000 00297nam a2200133 i 4500
001 bg
245 0 _aCharacterization of solid surfaces.
260 _aNew York,
_c1974.
040 _cBPK
041 _apol
080 _a538.9:621.385
942 _cKS
008 s pl f |000 0 pol
999 _c27216
_d27216
856 _uhttp://koha.tu.koszalin.pl/cgi-bin/koha/opac-detail.pl?biblionumber=27216
_yKatalog online BPK